<?xml version="1.0" encoding="UTF-8"?>
<collection xmlns="http://www.loc.gov/MARC21/slim">
 <record>
  <leader>02140nam a2200229Ia 4500</leader>
  <controlfield tag="001">CTU_233243</controlfield>
  <controlfield tag="008">210402s9999    xx            000 0 und d</controlfield>
  <datafield tag="082" ind1=" " ind2=" ">
   <subfield code="a">580</subfield>
  </datafield>
  <datafield tag="082" ind1=" " ind2=" ">
   <subfield code="b">L600</subfield>
  </datafield>
  <datafield tag="088" ind1=" " ind2=" ">
   <subfield code="a">9440303</subfield>
  </datafield>
  <datafield tag="100" ind1=" " ind2=" ">
   <subfield code="a">Nguyễn, Thị Hải Lý</subfield>
  </datafield>
  <datafield tag="245" ind1=" " ind2="0">
   <subfield code="a">Nghiên cứu sự phân bố và đa dạng thực vật bậc cao trên các vùng sinh thái khác nhau tại tỉnh An Giang :</subfield>
  </datafield>
  <datafield tag="245" ind1=" " ind2="0">
   <subfield code="b">Luận án tiến sĩ chuyên ngành. Môi trường Đất và Nước</subfield>
  </datafield>
  <datafield tag="245" ind1=" " ind2="0">
   <subfield code="c">Nguyễn Thị Hải Lý ; Nguyễn Hữu Chiếm (Hướng dẫn khoa học)</subfield>
  </datafield>
  <datafield tag="260" ind1=" " ind2=" ">
   <subfield code="a">Cần Thơ</subfield>
  </datafield>
  <datafield tag="260" ind1=" " ind2=" ">
   <subfield code="b">Trường Đại học Cần Thơ</subfield>
  </datafield>
  <datafield tag="260" ind1=" " ind2=" ">
   <subfield code="c">2020</subfield>
  </datafield>
  <datafield tag="520" ind1=" " ind2=" ">
   <subfield code="a">Nghiên cứu được thực hiện từ năm 2015 đến năm 2017 với 460 ô tiêu chuẩn (OTC) 100 m² nhằm xác định sự phân bố và đa dạng thực vật có mạch trên ba vùng sinh thái tiêu biểu, làm cơ sở cho việc khai thác bền vững và bảo tồn đa dạng thực vật của tỉnh An Giang. Dựa vào bản đồ phân vùng sinh thái nông nghiệp và phân bố đất, các OTC khảo sát cây thân gỗ (10m x 10m) và thân thảo (1m x 1m) được bố trí ở từng nhóm đất của vùng đồi núi, vùng đồng lụt ven sông và vùng đồng lụt hở. Tại mỗi OTC thu thập số loài, số cá thể và D1,3, giá trị sử dụng và tác động của người dân, mẫu thực vật và đất. Xác định tên loài bằng phương pháp so sánh hình thái và các thông số hóa lý của đất được phân tích trong phòng thí nghiệm. Số liệu được xử lý bằng các phương pháp thống kê là ANOVA, Regression, PCA, CCA và RDA.</subfield>
  </datafield>
  <datafield tag="650" ind1=" " ind2=" ">
   <subfield code="a">Botany,Thực vật</subfield>
  </datafield>
  <datafield tag="910" ind1=" " ind2=" ">
   <subfield code="b">tvtrong</subfield>
  </datafield>
  <datafield tag="910" ind1=" " ind2=" ">
   <subfield code="c">tvtrong,tvtrong</subfield>
  </datafield>
  <datafield tag="980" ind1=" " ind2=" ">
   <subfield code="a">Trung tâm Học liệu Trường Đại học Cần Thơ</subfield>
  </datafield>
 </record>
</collection>
